000 00467nam a2200157Ia 4500
008 240729s9999 xx 000 0 und d
022 _a2383-1219
245 0 _aInternational Journal of School Health
260 _aIran, Islamic Republic of
260 _bShiraz University of Medical Sciences
650 _a Public aspects of medicine
650 _aMedicine
856 _uhttps://doaj.org/toc/8c4d3d7f8ed34f2b9e82b8af150282ef
942 _2ddc
942 _cDOAJEJ
999 _c67464
_d67464
945 _a1
_bMadushi Gamage
_c1
_dMadushi Gamage